Geografía general : asia y africa /

Guardado en:
Autor Principal: Quarleri, Paulina
Formato: Libro
Publicado: Buenos Aires : Kapelusz, 1992
Materias:
Etiquetas: Agregar Etiqueta
Sin Etiquetas, Sea el primero en etiquetar este registro!
LEADER 01082nam a22002175a 4500
001 CEM.cems017697
005 20110913120428.0
008 130507s1992##################000#0#####d
003 CEMS
020 |a 9501325113 
082 0 4 |a 910 
100 1 |a Quarleri, Paulina 
245 1 0 |a Geografía general :  |b asia y africa /  |c Paulina Quarleri 
260 |a Buenos Aires :  |b Kapelusz,  |c 1992 
300 |a 264 p. 
505 0 |a Geografía astronómica -- Geografía matemática -- Geografía física -- Geología -- Geología de Asia y Africa -- Geomorfología -- Relieve y costas de Asia y Africa -- Hidrología -- Hidrología de Asia y Africa -- Climatología -- Clima de Asia y Africa -- Geografía biológica -- Geografía biológica de Asia y Africa -- Geografía humana -- Población -- Población, razas, lenguas y religiones de Asia Y Africa -- Actividades económicas -- Geografía humana de Asia y Africa 
653 |a Geografía 
653 |a Asia-geografía 
653 |a Africa-geografía 
653 |a Geografía-divisiones 
859 |a CEMS  |b BIB. CEMS - Agricultura  |h 910  |i Q27  |p A1451.11  |t Ej.1